000 00683nam a2200229Ia 4500
003 OSt
005 20220926011947.0
006 a|||||r|||| 00| 0
007 ta
008 220923b |||||||| |||| 00| 0 eng d
037 _cGeneral Book
040 _aRTL
_cRTL
_beng
041 _2eng
_aeng
082 _aX:952:(S:44), L1
100 _aPeskin Dean D
_9315300
245 0 _aHuman behavior and employment interviewing
260 _aNew York
_bAmerican management association USA
_c1971
300 _a250p. Bib p 241-43
_ccm.
650 _aEmployment and service
_9236902
942 _hX:952:(S:44), L1
_cGB
_2CC
999 _c621370
_d621370